Statistiques concernant Les transferts les plus chers de l'histoire du football

Cliquez ici pour prendre le quiz!

Statistiques générales

  • Ce quiz a été pris 3 263 fois
  • Le résultat moyen est 12 sur 15

Statistiques - réponses

TransfertAnnéePrixJoueur% Correct
Manchester United -> Real Madrid200994M€Cristiano Ronaldo
97%
Juventus -> Manchester United2016105M€Paul Pogba
97%
Santos FC -> FC Barcelone201383,3M€Neymar
96%
Tottenham Hotspur -> Real Madrid201399,7M€Gareth Bale
90%
Juventus -> Real Madrid200175M€Zinédine Zidane
83%
VfL Wolfsbourg -> Manchester City201574M€Kevin De Bruyne
80%
SSC Naples -> Paris Saint-Germain201364M€Edinson Cavani
78%
Real Madrid -> Manchester United201475M€Angel Di Maria
73%
Manchester United -> Paris Saint-Germain201563M€Angel Di Maria
73%
Liverpool FC -> FC Barcelone201482,5M€Luis Suarez
73%
Chelsea FC -> Shangaï SIPG201670M€Oscar
68%
SSC Naples -> Juventus201690M€Gonzalo Higuain
67%
AC Milan -> Real Madrid200965M€Kaka
67%
AS Monaco -> Real Madrid201480M€James Rodriguez
66%
Inter Milan -> FC Barcelone200966M€Zlatan Ibrahimovic
62%

Distribution des résultats

Percentile par nombre de réponses

% des personnes avec chaque résultat

Votre développement - résultats

Vous n’avez pas pris ce quiz